000 00291nam a22001337a 4500
008 171107b xxu||||| |||| 00| 0 eng d
020 _a9781111972073
041 _aeng
080 _a330.722.6
100 _a62
101 _aKON
245 _aCOST ACCOUNTING
_cKINNEY,M.R
942 _2udc
_cBK
999 _c38077
_d38077